000 00565nam a2200193Ia 4500
999 _c15092
_d15092
003 OSt
005 20201116093708.0
008 190216s9999||||xx |||||||||||||| ||und||
020 _a8185617732
040 _coclc
082 _a423.1
_bWIL/N
100 _aWilliams, Deborah.K
_96445
245 0 _a NTC`s Dictionary Of Easly Confused Words /
_cDeborah K Williams
250 _a2nd Ed.
260 _bNtc Publishing Group,
_c1999.
_aChenni:
300 _a193p
650 _aEnglish Dictionary
942 _cBK
_2ddc
_h423.1
_iWIL/N
_k423.1
_mWIL/N